01271nam a2200325 4500999001700000001001400017005001700031008004100048020003100089040002700120041001300147044001100160072006500171080002100236080002300257100003500280240003400315245012000349264005300469300002300522336002600545337002900571338002900600655003400629655003900663655003300702655003800735700003400773952013800807 c23452d23452vtls01207517120221011074537.0211027s2021 xo e 000 f slo  a9788022023252q(viazané) aTTKJFbslocTTKJFerda1 asloheng axocSK 7a821.111-3xAnglická próza, anglicky písaná2konspekt a821.111-3122011 a(0:82-311.6)220111 aBowen, Rhys,d1941-4aut9367214aThe Victory GardenlSlovensky10aZáhrada víťazovcRhys Bowen ; z anglického originálu The Victory Garden ... preložila Denisa Ghaniová 1aBratislavabSlovenský spisovateľ, a.s.c2021 a383 stránc21 cm atextbtxt2rdacontent abez médiabn2rdamedia azväzokbnc2rdacarrier 7aanglické romány2SNKPH98 7ahistorické romány2SNKPH91688 7aEnglish fiction2SNKPHeng99 7aHistorical novels2SNKPHeng916891 aGhaniová, Denisa4trl93673 00102udc40708Ka10000b10000d2022-10-11g7.00i21784l7m5oB10593pB10593q2024-09-20r2024-08-21s2024-08-21w2022-10-11yKLDO